000 00311nam a2200121Ia 4500
008 190216s9999||||xx |||||||||||||| ||und||
100 _a"Saxena Vp,Srivasthava Bp,Chand L"
245 0 _aIndian Institute Of Technology
260 _bYoung Man & Co
_c1985
300 _a582p
650 _aTechnology
942 _cREF
999 _c35547
_d35547